00693nam a2200217 a 4500001001000000003000900010005001700019007000300036008004100039040002500080049000900105082002000114100002600134245007400160250001100234260005300245300003000298942001400328952011600342999001700458000026627DO-SdBNP20220615101042.0ta110324s1989 dr c 000 f spa d aDO-SdBNPbspacBNPHU aBNPD 4bT231e, 19892221 aTavarez, Frank95373210aEncrucijada en la sombra :bel hombre que fue monja /cFrank Tavarez. a3a ed. aSanto Domingo :bPublicaciones América,c1989. a112 p. :bretr. ;c21 cm. 2ddccLBS1 00102ddc51708PDaBNPHUbBNPHUcCTd2011-03-24oBNPHU PD T231e, 1989p26627-10r2020-06-25w2020-06-25yLBS1 c26119d26119